000
00287nam a2200109Ia 4500
008
200302s9999 xx 000 0 und d
100
_a
Arthur Rueggy
245
_a
Charlotte Perriand Livre De Bord -- 1928--1933
260
_b
Birkhauser Publications, Basel
260
_c
2004
300
_a
287
999
_c
4611
_d
4611